| Tag |
First Indicator |
Second Indicator |
Subfields |
| LEADER |
00000pam a2200000 a 4500 |
| 001 |
in00000075840 |
| 005 |
20151008054859.0 |
| 008 |
810406s1982 nju b 00110 eng |
| 010 |
|
|
|a 81005178
|
| 020 |
|
|
|a 0132917084 (pbk.) :
|c $9.95
|
| 035 |
|
|
|a (OCoLC)07461406
|
| 035 |
|
|
|9 AAJ1943AM
|
| 039 |
0 |
|
|a 2
|b 3
|c 3
|d 3
|e 3
|
| 040 |
|
|
|a DLC
|c DLC
|d TXA
|d UtOrBLW
|
| 049 |
|
|
|a TXAM
|c [933020]
|
| 050 |
0 |
0 |
|a HM24
|b .H365
|
| 082 |
0 |
|
|a 301.01/8
|2 19
|
| 100 |
1 |
|
|a Handel, Warren H.
|
| 245 |
1 |
0 |
|a Ethnomethodology, how people make sense /
|c Warren Handel.
|
| 264 |
|
1 |
|a Englewood Cliffs, N.J. :
|b Prentice-Hall,
|c [1982]
|
| 264 |
|
4 |
|c ©1982
|
| 300 |
|
|
|a xii, 170 pages ;
|c 23 cm.
|
| 336 |
|
|
|a text
|b txt
|2 rdacontent
|
| 337 |
|
|
|a unmediated
|b n
|2 rdamedia
|
| 338 |
|
|
|a volume
|b nc
|2 rdacarrier
|
| 500 |
|
|
|a Includes indexes.
|
| 504 |
|
|
|a Bibliography: pages 160-165.
|
| 650 |
|
0 |
|a Ethnomethodology.
|
| 999 |
|
|
|a MARS
|
| 999 |
f |
f |
|s 4a037b65-256f-32d3-9ee0-7bdfb2db8f17
|i dae0f2cc-99b7-35e3-82cd-463b1072d398
|t 0
|
| 952 |
f |
f |
|p ric
|a Texas A&M University
|b Rellis Campus
|c Joint Library Facility
|d Remote Storage
|t 0
|e HM24 .H365
|h Library of Congress classification
|i unmediated -- volume
|m A14806138793
|
| 998 |
f |
f |
|a HM24 .H365
|t 0
|l Remote Storage
|